Les plus gros carrés en France! - Statistiques

Statistiques générales
  • Ce quiz a été pris 49 fois
  • Le résultat moyen est 5 sur 24
Statistiques - réponses
Ville Superficie (m²) Place % Correct
Paris 86 400 Place de la Concorde
59%
Paris 34 000 Place de la République
48%
Nancy 13 250 Place Stanislas
48%
Lyon 62 400 Place Bellecour
46%
Paris 32 000 Place de la Bastille
43%
Toulouse 12 000 Place du Capitole
35%
Montpellier 41 000 Place de la Comédie et Esplanade Charles-de-Gaulle
30%
Arras 20 000 Grand-Place
28%
Bordeaux 126 000 Place des Quinconces
28%
Paris 45 000 Place Charles-de-Gaulle
24%
Clermont-Ferrand 35 000 Place de Jaude
20%
Charleville-Mézières 11 430 Place Ducale
11%
Toulon 14 040 Place de la Liberté
9%
Lille 11 160 Place du Général-de-Gaulle
9%
Angers 11 000 Place du Ralliement
9%
Paris 31 900 Place Denfert-Rochereau
7%
Nancy 76 400 Cours Léopold et place Carnot
4%
Cayenne 30 000 Place des Palmistes
4%
Paris 19 600 Place des Vosges
4%
Bastia 27 000 Place Saint-Nicolas
4%
Mulhouse 18 091 Parc Salvator
2%
Reims 14 035 Place Drouet-d'Erlon
2%
Montargis 45 000 Place du Pâtis
2%
Marseille 25 220 Place Jean-Jaurès
2%
Aucun quiz correspondant
Distribution des résultats
% des personnes avec chaque résultat
Percentile par nombre de réponses
Votre historique - résultats
Vous n’avez pas pris ce quiz